| 000 | 01150cam a2200289 4500 | ||
|---|---|---|---|
| 001 | J86492 | ||
| 008 | 090401t1997 xxu||||| |||| 00| 0 eng d | ||
| 035 | _a(Sirsi) u80906 | ||
| 041 | _aeng | ||
| 050 | _a725.23 | ||
| 110 |
_aGerald Eve _9151 |
||
| 245 | _aOvercrowded, under-utilised or just right? Report of a study of office occupational densities. | ||
| 260 |
_aLondon _bGerald Eve Research _c1997 |
||
| 300 | _a24p. ; 30cm. | ||
| 350 | _a25 | ||
| 520 | _aReport commissioned by the RICS, with assistance from the DoE to examine occupational densities in office properties. The results of the questionnaire give detailed information on the impact of factors such as organisational change, building design and information technology, so providing a benchmark index of how organisations use their buildings. | ||
| 650 | _aBENCHMARKING | ||
| 650 | _aOCCUPATION DENSITIES | ||
| 650 | _aOFFICE DESIGN | ||
| 650 | _aOFFICE SPACE | ||
| 650 | _aOFFICES | ||
| 650 | _aWORKING PATTERNS | ||
| 690 | _aOFFICE SERVICES AND ADMINISTRATION | ||
| 710 |
_aRoyal Institution of Chartered Surveyors _94900 |
||
| 942 | _n0 | ||
| 948 | _c17/09/1997 | ||
| 999 |
_c96654 _d96654 |
||